[Event "IECG CP.2003.P.00018 email"]
[Site "IECG email"]
[Date "2003.10.01"]
[Round "?"]
[White "Surmont, Eric"]
[Black "Ferro, Severino Miguel"]
[Result "0-1"]
[WhiteElo "1969"]
[BlackElo "1700"]
[PlyCount "46"]
[EventDate "2003.10.01"]
[EventType "tourn (corr)"]
[EventRounds "6"]
[EventCountry "GER"]
[SourceTitle "Corr 2008"]
[Source "ChessBase"]
[SourceDate "2008.06.24"]
[SourceVersion "1"]
[SourceVersionDate "2008.06.24"]
[SourceQuality "1"]

1. Nf3 Nf6 2. g3 b6 3. Bg2 Bb7 4. d3 Nc6 5. 0-0 e6 6. c4 Be7 7. Nc3 0-0 8. Bf4 d5 9. a3 dxc4 10. dxc4 Na5 11. Qc2 Nxc4 12. Rad1 Nd6 13. Rfe1 Nfe4 14. Nxe4 Bxe4 15. Qc3 Qc8 16. Rc1 c5 17. b4 Qb7 18. bxc5 Rfc8 19. Qe5 Rxc5 20. Rxc5 bxc5 21. Qxc5 Nb5 22. Qh5 Nxa3 23. Rc1 Nb5 0-1

[Event "IECG CP.2001.Q.00007 email"]
[Site "IECG email"]
[Date "2002.10.01"]
[Round "?"]
[White "Surmont, Eric"]
[Black "Bilsel, Sabahaddin"]
[Result "1/2-1/2"]
[WhiteElo "2004"]
[BlackElo "1959"]
[PlyCount "42"]
[EventDate "2002.10.01"]
[EventType "tourn (corr)"]
[EventRounds "6"]
[SourceTitle "Corr 2008"]
[Source "ChessBase"]
[SourceDate "2008.06.24"]
[SourceVersion "1"]
[SourceVersionDate "2008.06.24"]
[SourceQuality "1"]

1. Nf3 d5 2. g3 c5 3. Bg2 Nc6 4. d3 Nf6 5. 0-0 e5 6. Nbd2 Bd6 7. c4 d4 8. Re1 0-0 9. a3 h6 10. b3 Qc7 11. e4 Be6 12. Re2 a6 13. Qc2 Rfb8 14. Rb1 b5 15. h3 Qd7 16. Kh2 Ne8 17. Bb2 Nc7 18. Ree1 Qe7 19. Rg1 b4 20. a4 Qf6 21. Rbe1 Re8 1/2-1/2

[Event "IECG CP.P.00006 email"]
[Site "IECG email"]
[Date "2001.10.01"]
[Round "?"]
[White "Hansen, Misha"]
[Black "Surmont, Eric"]
[Result "0-1"]
[WhiteElo "1600"]
[BlackElo "1961"]
[PlyCount "34"]
[EventDate "2001.10.01"]
[EventType "tourn (corr)"]
[EventRounds "6"]
[SourceTitle "Corr 2008"]
[Source "ChessBase"]
[SourceDate "2008.06.24"]
[SourceVersion "1"]
[SourceVersionDate "2008.06.24"]
[SourceQuality "1"]

1. d4 Nf6 2. c4 g6 3. Nc3 Bg7 4. e4 d6 5. Nf3 0-0 6. Be2 Nbd7 7. 0-0 e5 8. d5 Nc5 9. Qc2 a5 10. Bg5 h6 11. Be3 Nfd7 12. Nd2 f5 13. exf5 gxf5 14. f4 e4 15. Nb3 Re8 16. Nb5 Nxb3 17. axb3 Ra6 0-1

[Event "IECG CP.2000.Q.00006"]
[Site "IECG email"]
[Date "2001.10.01"]
[Round "?"]
[White "Surmont, Eric"]
[Black "Trani, Francesco"]
[Result "0-1"]
[WhiteElo "1961"]
[BlackElo "2058"]
[PlyCount "75"]
[EventDate "2001.10.01"]
[EventType "tourn (corr)"]
[EventRounds "6"]
[SourceTitle "Corr 2008"]
[Source "ChessBase"]
[SourceDate "2008.06.24"]
[SourceVersion "1"]
[SourceVersionDate "2008.06.24"]
[SourceQuality "1"]

1. Nf3 Nf6 2. g3 b5 3. a4 b4 4. c3 e6 5. Bg2 d5 6. 0-0 bxc3 7. bxc3 c5 8. Na3 Nc6 9. Rb1 Bd7 10. d3 Be7 11. c4 0-0 12. Nb5 a6 13. Nc3 d4 14. Na2 Rb8 15. Rxb8 Qxb8 16. Ba3 e5 17. Qc2 Nb4 18. Nxb4 cxb4 19. Rb1 a5 20. Bb2 Bc5 21. Nd2 Qc7 22. Ra1 Bc6 23. Bxc6 Qxc6 24. Bc1 Bb6 25. Qa2 Nd7 26. Nb3 e4 27. c5 Nxc5 28. Nxc5 Bxc5 29. dxe4 Qxe4 30. Qc4 Qf5 31. Bf4 g5 32. Rc1 gxf4 33. Qxc5 Qxc5 34. Rxc5 fxg3 35. hxg3 Rb8 36. Kf1 b3 37. Rc1 f5 38. Ke1 0-1

[Event "IECG CP.1999.P.00010"]
[Site "IECG email"]
[Date "1999.10.01"]
[Round "?"]
[White "Bunyan, Henry"]
[Black "Surmont, Eric"]
[Result "1-0"]
[WhiteElo "1557"]
[BlackElo "1960"]
[PlyCount "73"]
[EventDate "1999.10.01"]
[EventType "tourn (corr)"]
[EventRounds "6"]
[EventCountry "MEX"]
[SourceTitle "Corr 2008"]
[Source "ChessBase"]
[SourceDate "2008.06.24"]
[SourceVersion "1"]
[SourceVersionDate "2008.06.24"]
[SourceQuality "1"]

1. c4 d6 2. g3 g6 3. d4 Nf6 4. Nc3 Bg7 5. Bg2 0-0 6. Nf3 Nbd7 7. 0-0 c6 8. Bg5 h6 9. Bf4 Qe8 10. e4 e5 11. dxe5 dxe5 12. Be3 Ng4 13. Qe2 Nxe3 14. Qxe3 Qe7 15. Rfd1 b6 16. Rd2 Ba6 17. Rad1 Rfd8 18. Qd3 Nf8 19. Qxd8 Rxd8 20. Rxd8 Qb4 21. R1d2 Bxc4 22. a3 Qb3 23. R8d6 c5 24. Nh4 Ne6 25. Bf3 Ba6 26. Bd1 Qc4 27. Be2 Qb3 28. Bxa6 Nd4 29. Be2 b5 30. Bd1 Qc4 31. Ng2 f6 32. f4 Kh7 33. fxe5 fxe5 34. Rd7 b4 35. axb4 cxb4 36. Nd5 Qc5 37. Rf2 1-0

[Event "IECG CP.1999.P.00010"]
[Site "IECG email"]
[Date "1999.10.01"]
[Round "?"]
[White "Luise, Massimo"]
[Black "Surmont, Eric"]
[Result "0-1"]
[WhiteElo "800"]
[BlackElo "1960"]
[PlyCount "72"]
[EventDate "1999.10.01"]
[EventType "tourn (corr)"]
[EventRounds "6"]
[EventCountry "MEX"]
[SourceTitle "Corr 2008"]
[Source "ChessBase"]
[SourceDate "2008.06.24"]
[SourceVersion "1"]
[SourceVersionDate "2008.06.24"]
[SourceQuality "1"]

1. e4 c5 2. c3 Nf6 3. e5 Nd5 4. d4 cxd4 5. cxd4 e6 6. Nf3 b6 7. Bc4 Bb7 8. 0-0 d6 9. Bg5 Qd7 10. Nc3 Nxc3 11. bxc3 Nc6 12. Rb1 h6 13. Bh4 dxe5 14. dxe5 g5 15. Qxd7+ Kxd7 16. Bg3 Bc5 17. Rfd1+ Kc7 18. Nd2 Na5 19. Be2 h5 20. h3 g4 21. h4 Rhd8 22. Bf4 Be7 23. g3 Bc6 24. Bf1 Rd7 25. Nb3 Rxd1 26. Rxd1 Nxb3 27. axb3 a5 28. c4 Bf3 29. Rc1 Rd8 30. Be3 Rd1 31. Rxd1 Bxd1 32. c5 Bxc5 33. Bxc5 bxc5 34. Bc4 Bf3 35. Kf1 Bd5 36. Ke2 a4 0-1

[Event "IECG CP.1999.P.00010"]
[Site "IECG email"]
[Date "1999.10.01"]
[Round "?"]
[White "Surmont, Eric"]
[Black "Huntley, Theron"]
[Result "1-0"]
[WhiteElo "1960"]
[BlackElo "1697"]
[PlyCount "67"]
[EventDate "1999.10.01"]
[EventType "tourn (corr)"]
[EventRounds "6"]
[EventCountry "MEX"]
[SourceTitle "Corr 2008"]
[Source "ChessBase"]
[SourceDate "2008.06.24"]
[SourceVersion "1"]
[SourceVersionDate "2008.06.24"]
[SourceQuality "1"]

1. Nf3 d5 2. g3 Nf6 3. Bg2 g6 4. 0-0 Bg7 5. d3 0-0 6. Nbd2 Nc6 7. c4 dxc4 8. Nxc4 e5 9. Nfxe5 Nxe5 10. Nxe5 Nd5 11. Nc4 Re8 12. h3 c6 13. Bd2 Be6 14. Qc2 Qd7 15. Kh2 b5 16. Na5 Rac8 17. Nb3 Qd6 18. Nc5 Bd7 19. e4 Nb6 20. Be3 Be6 21. f4 Nd7 22. e5 Qc7 23. Nxe6 fxe6 24. Rac1 c5 25. b4 Bf8 26. bxc5 Nxc5 27. d4 Na6 28. Qb3 Qb6 29. d5 Nc5 30. Bxc5 Bxc5 31. d6 Rcd8 32. f5 gxf5 33. Rxf5 Kh8 34. Rf7 1-0